Hypnotized - Anyma Feat. Ellie Goulding - All Lyrics - Statistics

General Stats
  • This quiz has been taken 5 times
  • The average score is 175 of 237
Answer Stats
Answer % Correct
a
100%
I
100%
it,
100%
me
100%
(Ooh)
100%
The
100%
the
100%
you
100%
your
100%
and
80%
by
80%
chemistry
80%
control
80%
deeper
80%
feel
80%
go
80%
hypnotized,
80%
I'm
80%
in
80%
just
80%
leave
80%
lose
80%
my
80%
No
80%
on
80%
perfect
80%
all
60%
chemicals,
60%
circles
60%
down,
60%
down
60%
eyes
60%
fight
60%
for
60%
hide
60%
Holding
60%
illusion,
60%
life
60%
light
60%
losing
60%
mark
60%
mind
60%
more
60%
These
60%
touch,
60%
weaker
60%
blinded
40%
darkest
40%
don't
40%
Don't
40%
dreams
40%
let
40%
Like
40%
memories
40%
need
40%
remedy
40%
spiralling
40%
take
40%
This
40%
away
20%
broken
20%
grow
20%
heaven's
20%
wanna
20%
No matching quizzes found
Score Distribution
Percent of People with Each Score
Percentile by Number Answered
Your Score History
You have not taken this quiz